[Event "Open"]
[Site "Geneva SUI"]
[Date "2005.01.23"]
[Round "2"]
[White "Daverio,E"]
[Black "Peric,Sl"]
[Result "0-1"]
[WhiteElo "2101"]
[BlackElo "2230"]

1.d4 d5 2.c4 c6 3.Nf3 Nf6 4.Nc3 a6 5.g3 b5 6.cxd5 cxd5 7.Bg2 e6 8.O-O Nbd7
9.Bf4 Be7 10.Rc1 O-O 11.e4 dxe4 12.Ng5 Bb7 13.Ncxe4 Nd5 14.Nh3 Rc8 15.Bd6 Qb6
16.Bxe7 Nxe7 17.Qh5 Rxc1 18.Rxc1 Bxe4 19.Bxe4 Nf6 20.Qh4 Nxe4 21.Qxe4 h6
22.Nf4 Rd8 23.Rd1 Qc6 24.Qxc6 Nxc6 25.Ne2 Rd5 26.f4 g5 27.Kf2 gxf4 28.gxf4 Ne7
29.Kf3 Nc6 30.Rd2 Rd6 31.Ke4 f5+ 32.Kd3 Nb4+ 33.Kc3 Nd5+ 34.Kb3 Rc6 35.Rc2 Rxc2
36.Kxc2 Kf7 37.h4 Kg6 38.Kb3 Kh5 39.a4 Kxh4 40.axb5 axb5 41.Nc3 Nxc3 42.bxc3 Kg3
43.Kb4 h5 44.Kxb5 h4  0-1

[Event "Open"]
[Site "Geneva SUI"]
[Date "2005.01.25"]
[Round "4"]
[White "Fairbairn,S"]
[Black "Peric,Sl"]
[Result "1/2-1/2"]
[WhiteElo "2052"]
[BlackElo "2230"]

1.Nf3 d5 2.d4 c6 3.c4 Nf6 4.Nc3 a6 5.e3 b5 6.b3 Bf5 7.Be2 e6 8.O-O Nbd7 9.Bb2 bxc4
10.bxc4 Rb8 11.Na4 Qa5 12.Bc3 Bb4 13.Bxb4 Rxb4 14.Nc3 dxc4 15.Rc1 O-O 16.Nd2 Nb6
17.Ra1 Nbd5 18.Qc1 Rfb8 19.Nd1 c5 20.Bxc4 cxd4 21.Nb3 Qb6 22.Bxd5 Nxd5 23.Nxd4 Bd3
24.Re1 Rc4 25.Qd2 Qb4 26.Qxb4 Rbxb4 27.Nb3 Rc2 28.Nd4 Rc8 29.h3 e5 30.Nb3 Rc2
31.f3 Bc4 32.e4 Nf4 33.Ne3 Rc3 34.Rad1 h5 35.Nxc4 Rbxc4 36.Rd2 Rc2 37.Red1 h4
38.Rxc2 Rxc2 39.Rd2 Rc4 40.Kf2 Ra4 41.Kf1 Ra3 42.Nc5 f6 43.Nb7 Kh7 44.Nd6 Rc3
45.Nf5 g5 46.Ne7 Kg7 47.Nf5+ Kf7 48.Rd7+ Ke8 49.Rd2 Rc1+ 50.Kf2 Ra1 51.Ne3 Rb1
52.Ng4 Ke7 53.Ne3 Rb4 54.Nf5+ Ke8 55.Ng7+ Kf8 56.Nf5 a5 57.g3 hxg3+ 58.Kxg3 a4
59.h4 gxh4+ 60.Kxh4 Rb1 61.Rc2 a3 62.Rc3 Rb2 63.Rxa3 Rh2+ 64.Kg3 Rg2+ 65.Kh4  1/2-1/2

[Event "13th Fajr Open"]
[Site "Tehran IRI"]
[Date "2005.01.28"]
[Round "2"]
[White "Kotanjian,T"]
[Black "Sepehrkhoui,A"]
[Result "1-0"]
[WhiteElo "2443"]
[BlackElo "2142"]

1.d4 d5 2.c4 c6 3.Nc3 Nf6 4.Nf3 a6 5.cxd5 cxd5 6.Bg5 Nbd7 7.e3 e6 8.Bd3 Be7
9.O-O O-O 10.a4 b6 11.Qe2 Bb7 12.Rfc1 Ne4 13.Bf4 f5 14.Na2 g5 15.Bc7 Qe8
16.Ne5 Nxe5 17.Bxe5 Bc6 18.f3 Nf6 19.Bxa6 Bxa4 20.Nc3 Bd7 21.Bd3 Bb4 22.Nb5 Ra5
23.Rxa5 bxa5 24.Rc7 Qe7 25.Qc2 g4 26.Qf2 Nh5 27.Na7 Qd8 28.Nc6 Bxc6 29.Rxc6 Qd7
30.Rc7 Qd8 31.fxg4 Bd6 32.Bxd6 Qxd6 33.Qc2 fxg4 34.Bxh7+ Kh8 35.Bg8 Rf5 36.Bh7 Rf8
37.Bd3 Nf6 38.Qc5 Qd8 39.Qa7  1-0

[Event "Corus B"]
[Site "Wijk aan Zee NED"]
[Date "2005.01.28"]
[Round "11"]
[White "Ernst,S"]
[Black "Ramirez,Al"]
[Result "1-0"]
[WhiteElo "2509"]
[BlackElo "2507"]

1.d4 d5 2.c4 c6 3.Nf3 Nf6 4.Nc3 a6 5.c5 Nbd7 6.Bf4 Nh5 7.e3 b6 8.cxb6 Qxb6
9.Bd3 Nxf4 10.exf4 e6 11.O-O c5 12.Re1 Be7 13.f5 O-O 14.fxe6 fxe6 15.Qc2 Nf6
16.Na4 Qd6 17.Nxc5 Qf4 18.Qc1 Nh5 19.Nxe6 Bxe6 20.Rxe6 Qf7 21.Qe3 Bd8 22.Rd6 Nf4
23.Bxh7+ Kxh7 24.Rxd8 Qg6 25.Nh4 Qg4 26.Rxa8 Rxa8 27.g3 Rf8 28.f3 Qe6 29.Re1  1-0

[Event "10th HIT Open A"]
[Site "Nova Gorica SLO"]
[Date "2005.01.29"]
[Round "3"]
[White "Cebalo,M"]
[Black "Burmakin,V"]
[Result "1/2-1/2"]
[WhiteElo "2519"]
[BlackElo "2554"]

1.d4 c6 2.Nf3 d5 3.c4 Nf6 4.Nc3 a6 5.cxd5 cxd5 6.Bf4 e6 7.Rc1 Nc6 8.e3 Bd6
9.Bg5 Qa5 10.Bxf6 gxf6 11.Be2 Bd7 12.O-O f5 13.a3 Ne7 14.Nd2 Rc8 15.f4 Ng8
16.Nf3 Nf6 17.Ne5 Qb6 18.b4 a5 19.bxa5 Qxa5 20.Nb5 Be7 21.Rxc8+ Bxc8 22.Qc2 O-O
23.Rc1 Ne4 24.Bd3 f6 25.Nf3 Qd8 26.Qc7 Nd6 27.a4 Nxb5 28.Bxb5 Qxc7 29.Rxc7 Bd6
30.Rc2 Kf7 31.Kf2 Ke7 32.Rb2 Rg8 33.h3 Rg7 34.Ne1 Kd8 35.Nd3 Rc7 36.g4 fxg4
37.hxg4 Rg7 38.Kf3 e5 39.dxe5 Bxg4+ 40.Kf2 fxe5 41.Nxe5 Bxe5 42.fxe5 Ke7
43.Be2 Bf5  1/2-1/2

[Event "10th HIT Open A"]
[Site "Nova Gorica SLO"]
[Date "2005.02.03"]
[Round "9"]
[White "Mihalcisin,A"]
[Black "Burmakin,V"]
[Result "1/2-1/2"]
[WhiteElo "2522"]
[BlackElo "2554"]

1.Nf3 d5 2.d4 c6 3.c4 Nf6 4.Nc3 a6 5.c5 Nbd7 6.Bf4 g6 7.h3 Bg7 8.e3 O-O 9.Bd3 Re8
10.Bh2 Nf8 11.O-O N6d7 12.Re1 e5 13.Nxe5 Nxe5 14.dxe5 Bxe5 15.Rc1 Bxh2+ 16.Kxh2 Qf6
17.Qf3 Qxf3 18.gxf3 Kg7 19.f4 Be6 20.Ne2 Rad8 21.Nd4 Bc8 22.b4 Ne6 23.a4 Kf6
24.f3 Re7 25.Kg3 Rde8 26.Nxe6 Bxe6 27.Bf1 Bf5 28.Kf2 h6 29.b5 axb5 30.axb5 cxb5
31.Bxb5 Rc8 32.Red1 Rec7 33.Rxd5 Bxh3 34.Rd6+ Be6 35.Rb6 Rxc5 36.Rxc5 Rxc5
37.Rxb7 Rc2+ 38.Kg3 Rd2 39.e4 h5 40.Bc6 Rd3 41.e5+ Kg7 42.Be4 Rd1 43.Rb1 Rd2  1/2-1/2

[Event "XII TCh-RUS 1st League"]
[Site "Smolensk RUS"]
[Date "2005.02.05"]
[Round "4"]
[White "Popov,Val"]
[Black "Tkachuk,A"]
[Result "1-0"]
[WhiteElo "2588"]
[BlackElo "2120"]

1.d4 d5 2.c4 c6 3.Nf3 Nf6 4.Nc3 a6 5.e3 Bg4 6.h3 Bh5 7.cxd5 cxd5 8.g4 Bg6
9.Ne5 Nc6 10.h4 h6 11.Nxg6 fxg6 12.Bd3 e6 13.Bxg6+ Kd7 14.Bd2 b5 15.f4 Kc7
16.Qf3 Bd6 17.Rc1 Kb7 18.g5 hxg5 19.hxg5 Rxh1+ 20.Qxh1 Nd7 21.Nxd5 exd5 22.Qxd5 Nb8
23.Be4 Ra7 24.Rxc6 Nxc6 25.Qxc6+ Kb8 26.a4 bxa4 27.Qxa4 Qd7 28.Qb3+ Qb5 29.Qg8+ Kc7
30.Qxg7+ Kb6 31.Qf6 Qd7 32.Bb4 Kc7 33.Ba5+ Kb8 34.Bb6  1-0

[Event "ch-FRA Top 16 GpA"]
[Site "Mulhouse FRA"]
[Date "2005.02.06"]
[Round "3"]
[White "Schenk,A"]
[Black "Dautov,R"]
[Result "1/2-1/2"]
[WhiteElo "2494"]
[BlackElo "2609"]

1.d4 Nf6 2.c4 c6 3.Nf3 d5 4.Nc3 a6 5.a4 e6 6.Bg5 a5 7.e3 Be7 8.Bd3 Na6 9.Rc1 Nb4
10.Be2 O-O 11.O-O b6 12.Qb3 Bb7 13.Rfd1 Rc8 14.h3 c5 15.Ne5 cxd4 16.Rxd4 Nd7
17.Bxe7 Qxe7 18.Nxd7 Qxd7 19.Rdd1 Qe8 20.cxd5 Nxd5 21.Nxd5 Bxd5 22.Bc4 Rxc4
23.Rxc4 Bxc4 24.Qxc4 Qb8 25.b4 Rd8 26.Rb1 axb4 27.Qxb4 Qc7 28.g3 Rd6 29.Qe4  1/2-1/2

[Event "XII TCh-RUS 1st League"]
[Site "Smolensk RUS"]
[Date "2005.02.07"]
[Round "6"]
[White "Zhuravlev,Al"]
[Black "Rychagov,A"]
[Result "0-1"]
[WhiteElo "2348"]
[BlackElo "2546"]

1.d4 d5 2.Nf3 Nf6 3.c4 c6 4.Nc3 a6 5.e3 b5 6.b3 Bg4 7.h3 Bxf3 8.Qxf3 e5 9.cxd5 Bb4
10.Bd2 Qa5 11.Nb1 exd4 12.dxc6 O-O 13.c7 dxe3 14.fxe3 Nbd7 15.Be2 Nc5 16.a3 Bxd2+
17.Nxd2 Nxb3 18.Rd1 Rac8 19.Bd3 Rxc7 20.Ke2 Nxd2 21.Rxd2 Qxa3 22.g4 Qe7 23.h4 Nd7
24.Qf5 g6 25.Qf4 Ne5 26.h5 Nxd3 27.Rxd3 Rc4 28.Qh6 Rc2+  0-1

[Event "5th It"]
[Site "Pulvermuehle GER"]
[Date "2005.02.09"]
[Round "7"]
[White "Wells,P"]
[Black "Braun,A"]
[Result "1-0"]
[WhiteElo "2519"]
[BlackElo "2463"]

1.d4 d5 2.c4 c6 3.Nf3 Nf6 4.Nc3 a6 5.h3 e6 6.e3 Nbd7 7.Qc2 Bd6 8.g4 h6 9.Rg1 b5
10.g5 hxg5 11.Nxg5 Qe7 12.c5 Bc7 13.f4 Nf8 14.Bd3 Nh5 15.Bd2 Bd7 16.O-O-O O-O-O
17.a4 Kb7 18.Qb3 Qe8 19.Kc2 f6 20.axb5 axb5 21.Nf3 e5 22.fxe5 fxe5 23.e4 exd4
24.Nxd4 Ne6 25.Nxe6 Bxe6 26.Nxb5 cxb5 27.Bxb5 dxe4 28.Ba6+ Kc6 29.Qb5+ Kd5
30.Bc3+  1-0

[Event "FSIMB February"]
[Site "Budapest HUN"]
[Date "2005.02.12"]
[Round "8"]
[White "Johannesson,I"]
[Black "Pinter,G"]
[Result "1/2-1/2"]
[WhiteElo "2315"]
[BlackElo "2354"]

1.d4 d5 2.c4 c6 3.Nf3 Nf6 4.Nc3 a6 5.e3 b5 6.c5 Bg4 7.Qb3 Nbd7 8.a4 e5 9.Qa3 Bxf3
10.gxf3 Rb8 11.axb5 axb5 12.Qa6 Qc7 13.Na2 Be7 14.Nb4 Rc8 15.Bh3 O-O 16.Qa5 Qb8
17.Qa7 Rc7 18.Qxb8 Nxb8 19.Bd2 Nfd7 20.Ra8 f5 21.Ke2 g6 22.Rha1 Kf7 23.R1a7 Rxa7
24.Rxa7 Ke6 25.Rc7 Bd8 26.Ra7  1/2-1/2

[Event "Aeroflot Open B"]
[Site "Moscow RUS"]
[Date "2005.02.17"]
[Round "3"]
[White "Grigoriants,S RUS"]
[Black "Alavkin,A"]
[Result "1-0"]
[WhiteElo "2540"]
[BlackElo "2476"]

1.Nf3 Nf6 2.c4 c6 3.d4 d5 4.Nc3 a6 5.Ne5 Nbd7 6.Bf4 dxc4 7.Nxc4 b5 8.Ne5 Bb7
9.e3 e6 10.Qf3 Nd5 11.Nxd5 Nxe5 12.Bxe5 Qxd5 13.Qxd5 cxd5 14.Bd3 f6 15.Bg3 Rc8
16.Ke2 Kd7 17.a4 b4 18.Rhc1 Be7 19.Rxc8 Rxc8 20.Bxh7 f5 21.Kf1 Rh8 22.Bg6 Rh6
23.Rc1 Bd8 24.Bf7 g5 25.Be5 Rh7 26.Bg8 Rh6 27.Ke2 Bc6 28.b3 Bc7 29.Bf7 Bxe5
30.dxe5 Bb7 31.Be8+ Kd8 32.Bc6 Bc8 33.h3 Rh4 34.f3 Rh7 35.a5 Rc7 36.Kd2 Rh7
37.Kd3 Rh4 38.Rc2 Bd7 39.Rc1 Bc8 40.Ke2 Rh7 41.Ba4 Bd7 42.Bc6 Bc8 43.Ke1 Rc7
44.Kd2 Rh7 45.e4 dxe4 46.fxe4 f4 47.Ke2 Rc7 48.Rd1+ Ke7 49.Rd6 Kf7 50.Kf3 Kg7
51.Kg4 Kh6 52.Bd5 Rc2 53.Bxe6 Rxg2+ 54.Kf5 Bxe6+ 55.Kxe6 f3 56.Kf7+ Kh5 57.Rf6 g4
58.hxg4+  1-0

[Event "71st ch-BRA"]
[Site "Sao Paulo BRA"]
[Date "2005.02.17"]
[Round "5"]
[White "Milos,G"]
[Black "Leitao,R"]
[Result "1/2-1/2"]
[WhiteElo "2598"]
[BlackElo "2580"]

1.d4 d5 2.c4 c6 3.Nc3 Nf6 4.Nf3 a6 5.e3 b5 6.b3 Bg4 7.Be2 Nbd7 8.O-O e6 9.Bb2 Bd6
10.h3 Bh5 11.Ne5 Bxe2 12.Nxe2 bxc4 13.bxc4 O-O 14.Rb1 Qc7 15.Nxd7 Qxd7 16.Qd3 Rfb8
17.Bc3 Qc8 18.Rxb8 Rxb8 19.c5 Bc7 20.Rb1 Rb5 21.a4 Rxb1+ 22.Qxb1 Nd7  1/2-1/2

[Event "TCh-SWE Elitserien 2004-5"]
[Site "Sweden SWE"]
[Date "2005.02.26"]
[Round "8"]
[White "Eriksson,Joh"]
[Black "Bator,R"]
[Result "1/2-1/2"]
[WhiteElo "2423"]
[BlackElo "2419"]

1.d4 d5 2.c4 c6 3.Nf3 Nf6 4.Nc3 a6 5.Ne5 e6 6.Bg5 Be7 7.cxd5 Nxd5 8.Bxe7 Qxe7
9.e4 Nxc3 10.bxc3 Nd7 11.Nf3 e5 12.Bd3 O-O 13.O-O c5 14.d5 b5 15.c4 Nb6 16.Nd2 Bd7
17.Qe2 b4 18.f4 f6 19.Qe3 a5 20.fxe5 fxe5 21.Rxf8+ Qxf8 22.Nb3 Na4 23.Rf1 Qe7
24.Rf2 Bg4 25.Rd2 h6 26.h3 Bh5 27.Kh2 Qd6 28.Be2 Bxe2 29.Rxe2 Nc3 30.Rd2 Na4
31.Rf2 Nb6 32.Qxc5 Qxc5 33.Nxc5 Nxc4 34.Nd3 Rb8 35.Rc2 Nd6 36.Nxe5 Nxe4 37.Rc4 Nd6
38.Rc6 Nf7 39.Nxf7 Kxf7 40.Rc7+ Kf6 41.Ra7 Rb5 42.d6  1/2-1/2

[Event "Millennium Open"]
[Site "Virginia Beach USA"]
[Date "2005.02.26"]
[Round "3"]
[White "Sarkar,J"]
[Black "Adu,O"]
[Result "0-1"]
[WhiteElo "2386"]
[BlackElo "2296"]

1.d4 d5 2.c4 c6 3.Nf3 Nf6 4.Nc3 a6 5.c5 Bf5 6.Qb3 Qc8 7.Ne5 e6 8.Bf4 Be7
9.h3 h6 10.e3 Nfd7 11.e4 Bh7 12.exd5 exd5 13.Be2 Nxe5 14.Bxe5 O-O 15.Bg4 Nd7
16.Na4 f5 17.Be2 Bd8 18.f4 Bc7 19.h4 Rb8 20.h5 Re8 21.Kf2 Nf8 22.g3 Qd8 23.Qe3 Nd7
24.Nc3 Nf6 25.b4 Kh8 26.a4 Qd7 27.Kg2 Bg8 28.b5 Bf7 29.b6 Bd8 30.Rab1 Ra8
31.Qf3 Re6 32.Nd1 Ne4 33.Rb2 Re7 34.Ne3 Be6 35.a5 Rf7 36.Rd1 Qe8 37.Bd3 Qd7
38.Ra1 Bf6 39.Rg1 Rff8 40.Rd1 Rae8  0-1

[Event "ch-RUS u20g"]
[Site "Nojabrsk RUS"]
[Date "2005.03.05"]
[Round "4"]
[White "Guseva,M"]
[Black "Nazarova,A"]
[Result "1-0"]
[WhiteElo "2261"]
[BlackElo "2303"]

1.d4 d5 2.c4 c6 3.Nf3 Nf6 4.Nc3 a6 5.c5 Nbd7 6.Bf4 Nh5 7.e3 b6 8.b4 Nxf4
9.exf4 g6 10.Bd3 Bg7 11.Rc1 O-O 12.h4 a5 13.b5 Bb7 14.bxc6 Bxc6 15.h5 e6
16.hxg6 hxg6 17.Ng5 bxc5 18.Qg4 Nf6 19.Qh3 c4 20.Bxg6 Bd7 21.Bh7+ Kh8 22.Ne2 Qe7
23.Ng1 Qb4+ 24.Kf1 Qd2 25.Re1 Qxf4 26.N1f3 Be8 27.g3 Qc7 28.Ne5 Ra6 29.Bc2+ Kg8
30.Ng4  1-0

[Event "TCh-BEL 2004-5"]
[Site "Belgium BEL"]
[Date "2005.03.06"]
[Round "10"]
[White "Goormachtigh,J"]
[Black "Zaitsev,Mikhail"]
[Result "1/2-1/2"]
[WhiteElo "2279"]
[BlackElo "2471"]

1.d4 d5 2.c4 c6 3.Nf3 Nf6 4.Nc3 a6 5.e3 b5 6.cxb5 cxb5 7.Bd3 Bg4 8.a4 b4
9.Ne2 e6 10.Ne5 Bd6 11.f4 O-O 12.O-O Bf5 13.Ng3 g6 14.Qe2 Qb6 15.Bd2 Nc6
16.Nxf5 exf5 17.Nxc6 Qxc6 18.Rfc1 Qb7 19.a5 Rfe8 20.Qf1 Re6 21.h3 Qe7 22.Rc6 Rxe3
23.Bxe3 Qxe3+ 24.Kh1 Rd8 25.Rxa6 Qxd4 26.Rxd6 Rxd6 27.a6 Rd8 28.a7 Ra8 29.Qg1 Qxd3
30.Qb6 Kg7 31.Qb8 Rxa7 32.Rxa7 Nh5 33.Qe5+ Kh6 34.Rxf7 Qf1+ 35.Kh2 Qxf4+
36.Qxf4+ Nxf4  1/2-1/2

[Event "FSGM March"]
[Site "Budapest HUN"]
[Date "2005.03.06"]
[Round "2"]
[White "Greet,A"]
[Black "Kuljasevic,D"]
[Result "1/2-1/2"]
[WhiteElo "2389"]
[BlackElo "2401"]

1.d4 d5 2.Nf3 Nf6 3.c4 c6 4.Nc3 a6 5.c5 Nbd7 6.Bf4 Nh5 7.e3 g6 8.Bd3 Bg7
9.O-O O-O 10.Bg5 Re8 11.e4 dxe4 12.Bxe4 Ndf6 13.Bc2 Be6 14.Re1 Nd5 15.Qd2 Qd7
16.Ne5 Qc7 17.Bh6 Bh8 18.Nxg6 hxg6 19.Rxe6 fxe6 20.Qg5 Bg7 21.Bxg6 Qf4 22.Qxh5 Qxh6
23.Bxe8 Nf4 24.Qxh6 Bxh6 25.g3 Rxe8 26.gxf4 Bxf4 27.Ne2 Bc7 28.f4 Kf7 29.h3 Kg6
30.Rf1 Kf5 31.Ng3+ Kg6 32.Rf3 b6 33.cxb6 Bxb6 34.Ne2 Rd8 35.Rc3 Bxd4+ 36.Nxd4 Rxd4
37.Rxc6 Rd2 38.Rxe6+ Kf5 39.Rxa6 Rxb2 40.Ra4 Rc2 41.Kf1 Rh2 42.Ke1 Rxh3 43.Ke2 e5
44.fxe5 Kxe5 45.Kd2 Kd6 46.Kc2  1/2-1/2

[Event "Acropolis GM Open"]
[Site "Athens GRE"]
[Date "2005.03.07"]
[Round "2"]
[White "Soultatis,K"]
[Black "Ignatiadis,K"]
[Result "0-1"]
[WhiteElo "2166"]
[BlackElo "2264"]

1.d4 d5 2.c4 c6 3.Nf3 Nf6 4.Nc3 a6 5.c5 Bf5 6.Qb3 Qc8 7.Na4 Nbd7 8.Ne5 h6
9.f3 Ra7 10.e4 Be6 11.Nb6 Nxb6 12.Qxb6 Ra8 13.Bd3 g5 14.Be3 Bg7 15.Qb4 Nh5
16.Qd2 Qc7 17.exd5 Bxd5 18.f4 gxf4 19.Bxf4 Nxf4 20.Qxf4 Qa5+ 21.Kf1 Bxe5
22.Qxe5 Rg8 23.Rg1 Qd2 24.Qe2 Qf4+ 25.Qf2 Qxh2 26.Re1 Qg3 27.Re3 Qg4 28.Be2 Qg5
29.b3 Rd8 30.Bc4 e6 31.Ke2 Qg4+ 32.Ke1 Bxc4 33.bxc4 Qxd4 34.Qe2 Rg6 35.Rh1 Qa1+  0-1

[Event "Acropolis GM Open"]
[Site "Athens GRE"]
[Date "2005.03.08"]
[Round "3"]
[White "Obodchuk,A"]
[Black "Gogolis,A"]
[Result "1-0"]
[WhiteElo "2442"]
[BlackElo "2243"]

1.d4 d5 2.c4 c6 3.Nf3 Nf6 4.Nc3 a6 5.a4 Bf5 6.Qb3 Ra7 7.Bg5 e6 8.Bxf6 gxf6
9.e3 a5 10.Be2 Rg8 11.Nh4 Bg4 12.Bxg4 Rxg4 13.g3 Bb4 14.Nf3 Nd7 15.cxd5 cxd5
16.O-O Nb8 17.Nb5 Ra8 18.Qc2 Nc6 19.Qxh7 Ke7 20.Kg2 Qd7 21.Qc2 Rh8 22.h3 Rg6
23.Rh1 Rhg8 24.h4 Rh6 25.Rad1 Kd8 26.Ne1 Bd6 27.Nd3 Bb8 28.Nc5 Qe7 29.Rh3 f5
30.Kf1 Kc8 31.Rc1 Qe8 32.Nb3 Qd8 33.Qd2 Bc7 34.Nxc7 Qxc7 35.Nxa5 Kd7 36.Nb3 b6
37.e4 Rhg6 38.h5 Rg4 39.exd5 exd5 40.Qd3 Re4 41.h6 Qd6 42.h7 Rh8 43.Qb5 Ree8
44.Qxb6 Rb8 45.Nc5+ Ke7 46.Nb7 Qd7 47.Qc5+ Ke8  1-0

[Event "Acropolis GM Open"]
[Site "Athens GRE"]
[Date "2005.03.10"]
[Round "5"]
[White "Koliopoulos,K"]
[Black "Gogolis,A"]
[Result "1-0"]
[WhiteElo "2147"]
[BlackElo "2243"]

1.d4 d5 2.c4 c6 3.Nf3 Nf6 4.Nc3 a6 5.a4 e6 6.Bg5 Be7 7.e3 Nbd7 8.a5 O-O 9.Qb3 c5
10.cxd5 Nxd5 11.Bxe7 Nxe7 12.Bc4 Nc6 13.Qa4 cxd4 14.exd4 Nf6 15.Ne2 Bd7 16.Qa2 Rc8
17.b3 Nb4 18.Qd2 Qe7 19.O-O Bc6 20.Ne5 Rfd8 21.f4 g6 22.f5 gxf5 23.Rxf5 exf5
24.Bxf7+ Kg7 25.Qg5+ Kh8 26.Qh6 Rg8 27.Nf4 Rxg2+ 28.Nxg2 Rg8 29.Bxg8 Kxg8
30.Qg5+ Qg7 31.Qxg7+ Kxg7 32.Ne3 Be4 33.Rf1 Nc2 34.Nxc2 Bxc2 35.Rc1 Be4 36.Rc7+ Kh6
37.Nf7+ Kg6 38.Nd6 Bd5 39.b4 f4 40.Nxb7 f3 41.Nc5 Kf5 42.h3 Kf4 43.Kf2 h5
44.Rc8 h4 45.Rf8 Kg5 46.Rxf6 Kxf6 47.Nxa6 Ke7 48.Nc7 Be4 49.Nb5 Kd7 50.Nc3 Bf5
51.Kxf3 Bxh3 52.d5 Kd6 53.a6 Bc8 54.a7 Bb7 55.Kg4 Kc7 56.Kxh4 Kb6 57.Kg5 Kxa7
58.Kf6 Kb6 59.d6  1-0

[Event "Acropolis GM Open"]
[Site "Athens GRE"]
[Date "2005.03.12"]
[Round "7"]
[White "Obodchuk,A"]
[Black "Ignatiadis,K"]
[Result "1/2-1/2"]
[WhiteElo "2442"]
[BlackElo "2264"]

1.d4 d5 2.Nf3 Nf6 3.c4 c6 4.Nc3 a6 5.a4 e6 6.Bg5 Nbd7 7.Qc2 Bb4 8.e3 Qa5
9.Nd2 c5 10.Nb3 Qc7 11.Nxc5 Nxc5 12.Bxf6 gxf6 13.dxc5 Qxc5 14.cxd5 Qxd5 15.Rd1 Qc5
16.Be2 Bd7 17.Bf3 Bc6 18.Bxc6+ Qxc6 19.O-O Rc8 20.Rd3 Ke7 21.Rc1 Rhd8 22.g3 f5
23.Rxd8 Rxd8 24.Na2 Qxc2 25.Rxc2 Bd6 26.Kf1 Kd7 27.Ke2 Rg8 28.Kd3 Rg4 29.b3 Rg8
30.Rc4 h5 31.Nc3 Be7 32.h4 Bf6 33.Ne2 Be5 34.Ng1 Bd6 35.Nf3 Ke7 36.Rc1 Rd8
37.Ke2 Kd7 38.Nd2 Ke7 39.Nc4 Bc7 40.Nb2 Be5 41.Nd3 Bd6 42.Rc4 Kd7 43.Nc5+ Bxc5
44.Rxc5 Kd6 45.Rc4 Rg8 46.a5 Rb8 47.Kf3 b6 48.Rb4 b5 49.Rd4+ Ke7 50.e4 Rc8
51.b4 Rc3+ 52.Ke2 fxe4 53.Rxe4 Rb3 54.g4 hxg4 55.Rxg4 f5 56.Rg7+ Kf6 57.Ra7 Rxb4
58.h5 Kg5 59.Rxa6 Kxh5 60.Rxe6 Ra4 61.a6  1/2-1/2

[Event "TCh-SWE Elitserien 2004-5"]
[Site "Malmo SWE"]
[Date "2005.03.12"]
[Round "10"]
[White "Eriksson,Joh"]
[Black "Schneider,St"]
[Result "0-1"]
[WhiteElo "2423"]
[BlackElo "2336"]

1.d4 Nf6 2.c4 c6 3.Nc3 d5 4.Nf3 a6 5.Ne5 dxc4 6.g3 b5 7.Bg2 Bb7 8.a4 Qc8
9.O-O Nbd7 10.b3 Nd5 11.Ne4 Nxe5 12.dxe5 cxb3 13.Qxb3 e6 14.Bb2 Be7 15.f4 O-O
16.g4 Qc7 17.a5 c5 18.Qh3 c4 19.Bd4 f5 20.gxf5 exf5 21.Ng3 Bc5 22.Rad1 c3
23.Nxf5 c2 24.Be4 cxd1=Q 25.Ne7+ Kf7 26.Rxd1 Bxd4+ 27.e3 Bxe3+ 28.Kh1 Nxe7
29.Qh5+ g6 30.Qxh7+ Ke8 31.Rd5 Bxd5 32.Bxd5 Qc1+ 33.Kg2 Qd2+ 34.Kh3 Qxd5  0-1

[Event "TCh-SWE Elitserien 2004-5"]
[Site "Malmo SWE"]
[Date "2005.03.12"]
[Round "10"]
[White "Wallin,D"]
[Black "Welin,T"]
[Result "1/2-1/2"]
[WhiteElo "2129"]
[BlackElo "2375"]

1.d4 d5 2.c4 c6 3.Nf3 Nf6 4.Nc3 a6 5.c5 Bf5 6.Bg5 Nbd7 7.e3 e6 8.Bd3 Bg6
9.Ne5 Bxd3 10.Nxd3 Be7 11.O-O O-O 12.b4  1/2-1/2

[Event "FSGM March"]
[Site "Budapest HUN"]
[Date "2005.03.14"]
[Round "10"]
[White "Lagowski,P"]
[Black "Kuljasevic,D"]
[Result "1-0"]
[WhiteElo "2389"]
[BlackElo "2401"]

1.d4 d5 2.c4 c6 3.Nf3 Nf6 4.Nc3 a6 5.c5 Nbd7 6.Bf4 Nh5 7.e3 g6 8.Bd3 Nxf4
9.exf4 Qc7 10.Ne5 Bg7 11.O-O O-O 12.Re1 Nxe5 13.fxe5 f6 14.f4 fxe5 15.fxe5 Rf4
16.Be2 Bh6 17.g3 Rf7 18.Rf1 Rxf1+ 19.Bxf1 Bf5 20.Qe2 Qd7 21.Bg2 Rf8 22.Rf1 g5
23.Nd1 g4 24.Ne3 e6 25.Nxg4 Bg7 26.Ne3 Be4 27.Rxf8+ Kxf8 28.Qf2+ Kg8  1-0

[Event "ch-Privolzhsky Region"]
[Site "Ishevsk RUS"]
[Date "2005.03.16"]
[Round "1"]
[White "Verdnikov,V"]
[Black "Alavkin,A"]
[Result "0-1"]
[WhiteElo "2220"]
[BlackElo "2476"]

1.d4 d5 2.c4 c6 3.Nc3 Nf6 4.Nf3 a6 5.cxd5 cxd5 6.Bf4 Nc6 7.e3 Bf5 8.Bd3 Bxd3
9.Qxd3 e6 10.O-O Be7 11.h3 O-O 12.Rac1 Nd7 13.Rfd1 Nb6 14.Qe2 Rc8 15.Ne1 Nc4
16.Nd3 b5 17.Bg3 Qa5 18.b3 Nd6 19.f3 Nf5 20.Be1 Qb6 21.Bf2 Bd6 22.Nb1 Rfd8
23.Qe1 Qb8 24.f4 Be7 25.Nc5 Qa7 26.g4 Nd6 27.Bh4 a5 28.a3 h6 29.Nd2 a4 30.b4 Nc4
31.Nxc4 dxc4 32.Bxe7 Qxe7 33.Qf2 Qf6 34.Qf3 Qg6 35.d5 exd5 36.Rxd5 Rxd5 37.Qxd5 Rd8
38.Qf3 Rd2 39.Ne4 Rd3 40.Nc5 Rxa3 41.f5 Qf6 42.Rd1 Ra1 43.Nd7 Rxd1+ 44.Qxd1 Qe7
45.Kf2 Nxb4 46.Qd4 Nc2 47.f6 Qxe3+  0-1

[Event "11th Schloss Open"]
[Site "Werther GER"]
[Date "2005.03.18"]
[Round "1"]
[White "Herholz,H"]
[Black "Svetushkin,D"]
[Result "0-1"]
[WhiteElo "2031"]
[BlackElo "2530"]

1.d4 d5 2.c4 c6 3.Nc3 Nf6 4.Nf3 a6 5.cxd5 cxd5 6.e3 Nc6 7.a4 Bg4 8.Be2 e6
9.O-O Bd6 10.b3 Qe7 11.Bb2 Rc8 12.Rc1 O-O 13.Ng5 Bxe2 14.Qxe2 Na5 15.Qd1 Ba3
16.Qc2 Bxb2 17.Qxb2 Qb4 18.Nf3 Qxb3 19.Qa1 Qb4 20.Nd2 Rc6 21.Ncb1 Rfc8 22.Rxc6 Rxc6
23.Qa3 Qxa3 24.Nxa3 Nd7 25.Nab1  0-1

[Event "ch-DEN KO"]
[Site "Koege DEN"]
[Date "2005.03.21"]
[Round "1.2"]
[White "Palo,D"]
[Black "Skytte,R"]
[Result "1-0"]
[WhiteElo "2541"]
[BlackElo "2392"]

1.d4 d5 2.c4 c6 3.Nf3 Nf6 4.Nc3 a6 5.c5 Nbd7 6.Bf4 Nh5 7.e3 g6 8.h4 Bg7 9.Bh2 O-O
10.Be2 Re8 11.g4 Nhf6 12.Ne5 Ne4 13.Nxe4 dxe4 14.Nc4 e5 15.Nd6 Re7 16.g5 Nf8
17.dxe5 Bxe5 18.Bxe5 Rxe5 19.Qd4 Rd5 20.Qc3 Bf5 21.Nxb7 Qe7 22.Nd6 Nd7 23.b4 a5
24.a3 Ne5 25.Nxf5 gxf5 26.Kf1 Rad8 27.h5 Qc7 28.g6 fxg6 29.hxg6 Nxg6 30.Bc4 f4
31.Rd1 Qf7 32.Bxd5 Rxd5 33.Rxd5 Qxd5 34.Qd4 Qe6 35.Qd8+ Kg7 36.Qc7+ Kf8 37.Rxh7  1-0

[Event "ch-DEN KO"]
[Site "Koege DEN"]
[Date "2005.03.21"]
[Round "1.2"]
[White "El Kher,H"]
[Black "Hansen,SuB"]
[Result "1/2-1/2"]
[WhiteElo "2421"]
[BlackElo "2553"]

1.d4 Nf6 2.c4 c6 3.Nc3 d5 4.Nf3 a6 5.c5 Nbd7 6.Bf4 Nh5 7.Bd2 Nhf6 8.Bf4 Nh5
9.e3 g6 10.h4 Bg7 11.Bh2 O-O 12.Be2 Re8 13.Ne5 Bxe5 14.Bxe5 Nxe5 15.dxe5 Ng7
16.h5 Ne6 17.Qa4 g5 18.f4 b5 19.cxb6 Qxb6 20.Nxd5 Qc5 21.Rd1 Bb7 22.f5 cxd5
23.fxe6 Qxe3 24.exf7+ Kxf7 25.Qg4 Kg8 26.h6 Qxe5 27.Rh5 Kh8 28.Rxg5 Qf6 29.Rd3 Rac8
30.Rf3 Qxb2 31.Rg7 Rc1+ 32.Kf2 Qb6+ 33.Kg3 Qd6+ 34.Qf4 Rc6 35.Bd3 Qxf4+ 36.Rxf4 Rxh6
37.Rff7 Rg8 38.Rxg8+ Kxg8 39.Rxe7 Bc6 40.Bxa6 Rg6+ 41.Kf2 Rf6+  1/2-1/2

[Event "ch-Privolzhsky Region"]
[Site "Ishevsk RUS"]
[Date "2005.03.22"]
[Round "7"]
[White "Tsarukian,E"]
[Black "Alavkin,A"]
[Result "0-1"]
[WhiteElo "2287"]
[BlackElo "2476"]

1.d4 d5 2.c4 c6 3.Nf3 Nf6 4.Nc3 a6 5.cxd5 cxd5 6.Bf4 Nc6 7.e3 Bg4 8.Be2 e6
9.O-O Bd6 10.Bxd6 Qxd6 11.h3 Bxf3 12.Bxf3 O-O 13.Rc1 Rad8 14.Qe2 Rfe8 15.Rfd1 h6
16.b3 Qa3 17.Na4 e5 18.Qb2 Qxb2 19.Nxb2 exd4 20.exd4 Rc8 21.Na4 Nxd4 22.Nc5 Nxf3+
23.gxf3 Rb8 24.Kf1 a5 25.a3 Rec8 26.b4 axb4 27.axb4 Rc6 28.b5 Rcc8 29.Ke2 Rc7
30.Kd2 Ra8 31.Nd3 Rac8 32.Rxc7 Rxc7 33.Ra1 Kf8 34.Ra7 Nd7 35.Nb4 Nb6 36.Na6 Re7
37.Nc5 Nc4+ 38.Kc3 b6 39.Nb7 Rd7 40.f4 Ke7 41.Kd4 Ke6 42.f5+ Kxf5 43.Nd6+ Rxd6
44.Rxf7+ Kg6 45.Rc7 Kf6 46.f4 Na3  0-1

[Event "Open"]
[Site "Coventry ENG"]
[Date "2005.03.25"]
[Round "2"]
[White "Wells,P"]
[Black "Berry,N"]
[Result "1/2-1/2"]
[WhiteElo "2519"]
[BlackElo "2260"]

1.d4 d5 2.c4 c6 3.Nf3 Nf6 4.Nc3 a6 5.h3 e6 6.e3 Nbd7 7.Qc2 Bd6 8.g4 dxc4
9.e4 e5 10.Be3 b5 11.O-O-O Qc7 12.dxe5 Nxe5 13.Nxe5 Bxe5 14.Ne2 Qe7 15.Bg2 O-O
16.Rhe1 Bb7 17.f4 Bc7 18.Nd4 Rfd8 19.g5 Ne8 20.Nf5 Qe6 21.e5 Ba5 22.Rf1 Rd3
23.Nd4 Qd7 24.Nb3 Bb4 25.Nc5  1/2-1/2

[Event "Alpress Cup"]
[Site "Frydek Mistek CZE"]
[Date "2005.03.25"]
[Round "3"]
[White "Slovak,Pe"]
[Black "Smistik,M"]
[Result "1/2-1/2"]
[WhiteElo "2128"]
[BlackElo "2342"]

1.d4 d5 2.c4 c6 3.Nf3 Nf6 4.Nc3 a6 5.Bf4 Nh5 6.Bg5 h6 7.Bh4 dxc4 8.e3 b5
9.Ne5 Nf6 10.Qf3 Bb7 11.g4 Ra7 12.Bg2 c5 13.d5 b4 14.Ne4 Qxd5 15.Qf4 Nxe4
16.Bxe4 Qe6 17.Bf5 Qd5 18.e4 g5 19.Qg3 Qd6 20.Rd1 e6 21.Nxf7 Qxg3 22.Bxg3 Kxf7
23.Bxb8 exf5 24.Bxa7 Bxe4 25.O-O Be7 26.f3 Bd3 27.Rfe1 Ra8 28.Rxe7+ Kxe7
29.Bxc5+ Ke6 30.Bxb4 fxg4 31.fxg4 Rb8 32.Bc3 Rf8 33.Re1+ Kd7 34.Bg7 Rb8 35.Bxh6 Rxb2
36.Bxg5 Rxa2 37.h4 Be2 38.Kf2 Bxg4+ 39.Ke3 c3 40.Bf6 c2 41.Kd2 Bd1 42.h5 c1=Q+
43.Kxc1 Bxh5 44.Bb2 Bg6 45.Re3 Ra4 46.Ra3 Rc4+ 47.Rc3 Rg4 48.Ra3 Rc4+ 49.Rc3 Re4
50.Ba3 Re2 51.Bb4 Be4 52.Rc4 Bd5 53.Rc5 Ke6 54.Rc7 Be4 55.Ra7 Rc2+ 56.Kd1 Rc6
57.Kd2 Kd5 58.Rd7+ Kc4 59.Bc3 Bd5  1/2-1/2